THIN (Record no. 335134)
[ view plain ]
| 000 -LEADER | |
|---|---|
| fixed length control field | 00498nam a2200097Ia 4500 |
| 008 - FIXED-LENGTH DATA ELEMENTS--GENERAL INFORMATION | |
| fixed length control field | 170517s9999 xx 000 0 und d |
| 245 ## - TITLE STATEMENT | |
| Title | THIN |
| 300 ## - PHYSICAL DESCRIPTION | |
| Extent | The 2006 cinéma vérité documentary film, THIN, directed by Lauren Greenfield and distributed by HBO, is an exploration of The Renfrew Center in Coconut Creek, Florida; a 40-bed residential facility for the treatment of women with eating disorders. The film mostly... |
| 650 ## - SUBJECT ADDED ENTRY--TOPICAL TERM | |
| General subdivision | Technology. |
| 856 ## - ELECTRONIC LOCATION AND ACCESS | |
| Uniform Resource Identifier | <a href="http://topdocumentaryfilms.com/thin/">http://topdocumentaryfilms.com/thin/</a> |
| Withdrawn status | Lost status | Damaged status | Home library | Current library | Date acquired | Total Checkouts | Date last seen | Price effective from | Koha item type |
|---|---|---|---|---|---|---|---|---|---|
| College Library | College Library | 05/17/2017 | 05/17/2017 | 05/17/2017 | Documentary Films |